000
00298nam a22001217a 4500
082
_a
823
_b
ODO/T
100
_a
ODOYWSKY, VLADIMIR
245
_a
THE TOWN IN THE SNUFF BOX AND OLD FATHER
260
_a
MOSCOW
_b
RADHUYA PUBLISHING
_c
1990
300
_a
36
650
_a
ENGLISH STORY
_z
MOSCOW
942
_c
BK
999
_c
7415
_d
7415